One-Syllable Words That Rhyme With "Box" - Statistics

General Stats
  • This quiz has been taken 940 times
    875 since last reset
  • The average score is 18 of 27
Answer Stats
Answer % Correct
Fox
94%
Socks
93%
Locks
92%
Rocks
92%
Mocks
91%
Docks
90%
Pox
87%
Hocks
84%
Cocks
83%
Knocks
83%
Jocks
82%
Blocks
81%
Clocks
81%
Stocks
78%
Flocks
76%
Lox
74%
Frocks
67%
Pocks
66%
Shocks
66%
Ox
61%
Vox
61%
Brocks
54%
Walks
33%
Talks
31%
Gawks
26%
Phlox
16%
Machs
4%
No matching quizzes found
Score Distribution
Percent of People with Each Score
Percentile by Number Answered
Your Score History
You have not taken this quiz since the last reset